000 00513nam a2200181Ia 4500
001 4635
005 20260306145810.0
008 260306t2008||||xx |||||||||||||| ||spa||
041 _aESP
082 _a327.9850862
_bC75
100 _aColoma Elías, Guillermo W.
_eAUT
245 0 _aEl problema limítrofe entre el Ecuador y el Perú y el acuerdo definitivo entre las dos naciones hermanas
260 _c2008
300 _a66 páginas :
_c24 cm.
650 _aGEN
654 _aCHU
942 _cLIB
_dJUS
_fJUS
_2ddc
_n
999 _c4635
_d4635